000 00216 a2200097 4500
001 18156
100 _aBaylen, F J
245 _aIntroduction to fluid dynamics
260 _a
_bAllen & Unwin
_c
090 _c13450
_d13450
942 _aNUST-CAE
_cM
_c3837
999 _c253229
_d253229